000 00359nam a2200169Ia 4500
003 0100
008 130303s9999 xx 000 0 und d
040 _cARRUPELIB
050 _aHX533.C34 1985
100 _aCallinicos, Alex
245 _aMarxism and philosophy
260 _aNY
260 _bOxford UP
260 _C1983
300 _a177p
942 0 0 _01
999 _c24573
_d24573